Statistics for Countries by Megalopolis

Click here to take the quiz!

General Stats

  • This quiz has been taken 68 times
  • The average score is 9 of 10

Answer Stats

NameAnswer% Correct
São Paulo MacrometropolisBrazil
100%
Mexico City megalopolisMexico
98%
Mega ManilaPhilippines
98%
Great Lakes MegalopolisCanada, United States
97%
Yangtze DeltaChina
97%
Northeast MegalopolisUnited States
95%
Pearl River DeltaChina
90%
Taiheiyō BeltJapan
85%
Golden BananaAndorra, France, Italy, Monaco, Spain
75%
RandstadNetherlands
53%

Score Distribution

Percentile by Number Answered

Percent of People with Each Score

Your Score History

You have not taken this quiz